| 000 | 01217nam a22002777a 4500 | ||
|---|---|---|---|
| 005 | 20140903174958.0 | ||
| 008 | 131105s2012 ck ab frn 001 0dspa | ||
| 020 | _a9789587199727 | ||
| 040 |
_aCO-BoUCM _cAngélica Rojas _dAldemar Mondragón _dAldemar Mondragón _bspa |
||
| 041 | 0 | 0 | _aspa |
| 100 | 1 |
_aVillanueva Martínez, Orlando _949775 |
|
| 245 | 1 | 0 |
_aGuadalupe Salcedo y la insurrección llanera, 1949-1957 _cOrlando Villanueva Martínez |
| 260 |
_aBogotá (Colombia) _bUniversidad Nacional de Colombia _c2012 |
||
| 300 |
_a774 páginas _bilustraciones y mapas |
||
| 490 | 1 |
_aBiblioteca Abierta _aColección General. Historia |
|
| 504 | _aIncluye referencias bibliográficas e índices | ||
| 600 | 1 | 0 |
_aSalcedo, Guadalupe _d1922-1957. _949776 |
| 650 | 7 |
_aGuerrillas _zColombia _xHistoria _949778 |
|
| 650 | 7 |
_aInsurgencia _zColombia _xHistoria _949777 |
|
| 651 | 4 |
_aColombia _xHistoria _926897 |
|
| 651 | 4 |
_aColombia _xPolítica y gobierno _y1946-1974 _949779 |
|
| 690 |
_942845 _aHistoria de Colombia |
||
| 710 | 1 |
_aUniversidad Nacional de Colombia _bFacultad de Ciencias Humanas _bDepartamento de Historia _949781 |
|
| 942 |
_a21 _cLIBRO _e1 _mV718g _2DEWEY _h986.10632 |
||
| 999 |
_c182905 _d182905 |
||